00572nam a2200157 a 450000100100000000500170001000800410002704000250006810000260009324500500011926000550016930000110022450000570023595201050029299900170039700002655620200930030302.0110323s1978 dr 000 0 spa d aDO-SdBNPbspacBNPHU1 aTerza, María95366013aLo que dijo Dios al volver /cMaría Tereza. aSanto Domingo :bEditorial Amigo del Hogar,c1978. a360 P. aIncluye datos bigráficos de la autora en la solapa 0010718PDaPDbPDcCTd2011-03-23iLF1l0o p26556-10r2020-06-25w2020-06-25yLFPDZNo se presta c26048d26048